000 00614nam a22002177a 4500
001 66983
003 UA-OsUOA
005 20231009163113.0
007 ta
008 20100208b un ||||| |||| 00| 0 ukr d
040 _aUA-OsUOA
_brus
_cUA-OsUOA
_dUA-OsUOA
041 _arus
080 _a821.161.1
090 _a821.161.1
_bР24
245 _aРассказы русских летописей XII–XIV вв.
_cнауч. ред. Д. Лихачев
260 _aМ.
_c1968
300 _a220 с.
650 7 _a82 Література. Літературознавство
_2UDC
942 _cBK
_2udc
955 _a2
999 _c575269
_d575269